The right words : (Record no. 4641)

MARC details
000 -LEADER
fixed length control field 00512 a2200169 4500
010 ## - LCCN (DPL NO)
LC control number ENG-86518
020 ## - INTERNATIONAL STANDARD BOOK NUMBER
International Standard Book Number 0143062182
Terms of availability 275.00
035 ## - SYSTEM CONTROL NUMBER
System control number EN-70051
037 ## - SOURCE OF ACQUISITION
Source of stock number/acquisition DBAD / PUB
082 14 - DEWEY DECIMAL CLASSIFICATION NUMBER
Classification number N
100 1# - MAIN ENTRY--PERSONAL NAME
Personal name Shama Futehally
245 1# - TITLE STATEMENT
Title The right words :
Statement of responsibility, etc by Shama Futehally
Remainder of title selected essays, 1967-2004 /
260 ## - PUBLICATION, DISTRIBUTION, ETC. (IMPRINT)
Place of publication, distribution, etc New Delhi
Name of publisher, distributor, etc Penguin Books India
Date of publication, distribution, etc 2006
270 ## - ADDRESS
Address 11, Community Centre, Panchsheel Park
City New Delhi
State or province West Bengal
300 ## - PHYSICAL DESCRIPTION
Extent xvi, 303 p.
Dimensions 20cm (Pbk)
942 ## - ADDED ENTRY ELEMENTS (KOHA)
Institution code [OBSOLETE] dpl
Item type English Books
Source of classification or shelving scheme Dewey Decimal Classification
Classification part N
Call number suffix SHA
Holdings
Withdrawn status Lost status Not for loan Collection code Home library Current library Source of acquisition Cost, normal purchase price Full call number Barcode Copy number Cost, replacement price Koha item type
    Not For Loan Fiction D.B.Act.Division D.B.Act.Division DBAD/PUB 275.00 N SHA EN-70051 1 275.00 English Books

© Delhi Public Library
Hit Counter
free hit counter